|
|
|
|
| LEADER |
01485nam a22003852i 4500 |
| 001 |
000199849 |
| 003 |
CZ BrMZK |
| 005 |
20220517094614.0 |
| 007 |
ta |
| 008 |
040716s1882 au a f |||| 0 ger d |
| 040 |
|
|
|a ABA001
|b cze
|c ABA001
|d ABA001
|d ABC023
|e rda
|
| 072 |
|
7 |
|a 908(437)
|x Vlastivěda Česka a Slovenska
|2 Konspekt
|9 8
|
| 080 |
|
|
|a 908
|
| 100 |
1 |
|
|a Wankel, Jindřich,
|d 1821-1897
|7 jk01151419
|4 aut
|
| 245 |
1 |
0 |
|a Bilder aus der Mährischen Schweiz und ihrer Vergangenheit /
|c Jindřich Wankel
|
| 264 |
|
1 |
|a Wien :
|b Holzhausen,
|c 1882
|
| 300 |
|
|
|a 422 stran :
|b ilustrace ;
|c 20 cm
|
| 336 |
|
|
|a text
|b txt
|2 rdacontent
|
| 337 |
|
|
|a bez média
|b n
|2 rdamedia
|
| 338 |
|
|
|a svazek
|b nc
|2 rdacarrier
|
| 650 |
0 |
7 |
|a dějiny
|7 ph114390
|2 czenas
|
| 650 |
0 |
7 |
|a geologie
|7 ph114622
|2 czenas
|
| 650 |
0 |
7 |
|a paleontologie
|7 ph115649
|2 czenas
|
| 650 |
0 |
7 |
|a speleologie
|7 ph125905
|2 czenas
|
| 650 |
0 |
7 |
|a turistika
|7 ph116506
|2 czenas
|
| 651 |
|
7 |
|a Blansko (Česko : oblast)
|7 ge128768
|2 czenas
|
| 651 |
|
7 |
|a Moravský kras (Česko)
|7 ge130097
|2 czenas
|
| 655 |
|
7 |
|a pojednání
|7 fd133056
|2 czenas
|
| 910 |
|
|
|a BOA001
|b 1-0032.311
|
| 990 |
|
|
|a BK
|
| 993 |
|
|
|a Y
|
| 991 |
|
|
|b 202205
|
| 996 |
6 |
|
|b 2619746740
|c 1-0032.311
|l MZK
|r Sklad / do 1 hodiny
|n 2
|w 000199849
|u 000020
|a 1
|e BOA001
|j MZK50
|s P
|
| 996 |
6 |
|
|b 2619751737
|c 1-0032.311
|l MZK
|r Sklad / do 1 hodiny
|n 4
|w 000199849
|u 000030
|a 1
|e BOA001
|j MZK50
|s P
|
| 996 |
6 |
|
|b 2619928939
|c 1-0032.311
|l MZK
|r Sklad / do 1 hodiny
|n 18
|w 000199849
|u 000010
|a 1
|e BOA001
|j MZK50
|s P
|